Quizzes
Events
Quiz Creation
Community
Videos
Private Events
Remove Ads
Sign In
Join for FREE
Feedback
Dark Mode
Quiz Categories
Sports
Geography
Music
Movies
Television
Just For Fun
Miscellaneous
History
Literature
Language
Science
Gaming
Entertainment
Religion
Holiday
For Kids
Quiz Lab
Recent
Popular Today
Quiz Kudos Today
Editor Picks
Curator Picks
Quizzes by...
Day
Popularity
Type
Ratings
Length
Year
Community
Subscriptions
Recent Discussions
Orange Saloon
Badges
Playlists
Quests
Create
Leaderboards
Showdown
Live 5
Trivia Bingo
Activity
Puzzle Library
Sporcle Events
Private Events
Virtual Trivia
Globe League
Become a Host
Pub Owners
SporcleCon
Opinionation
Our Games
Videos
Blog
Mobile Apps
Partnerships
Remove Ads and Go Orange
Feedback
Sports
Athletes
MLB
NBA
NHL
NFL
Soccer
Sports Teams
WWE
NCAA
Football
Premier League
Basketball
Baseball
Hockey
Golf
Tennis
Cricket
Rugby
Auto Racing
Olympics
World Cup
Sports
Athletes
MLB
NBA
NHL
NFL
Soccer
Sports Teams
WWE
NCAA
Football
Premier League
Basketball
Baseball
Hockey
Golf
Tennis
Cricket
Rugby
Auto Racing
Olympics
World Cup
Random Quiz
Search Sporcle
×
Quiz Lab
Quiz Lab
Sports
NHL
Type in answers that appear in a list
Type in answers that appear in a list
Classic
Best Score? Go Orange.
NHL players with Tappara Stats
Can you name the NHL players with Tappara Tampere?
By
SharksAttack
15m
56 Questions
254 Plays
254 Plays
254 Plays
Comments
Comments
Give Quiz Kudos
Give Quiz Kudos
-
- Ratings
hide this ad
Replay
Link that replays current quiz
Next Quiz
Link to next quiz in quiz playlist
You Got
0%
They Got
Avg Score
32%
Avg Friend Score
Upgrade to see
Score Distribution
Jump to the score distribution portion of the page
Score
0/56
Timer
15:00
0
Plays Today
Seasons
Player
% Correct
85-
88, 90-
92, 93-
96, 98-
10
Janne Ojanen
89.8%
85-
88
Teppo Numminen
84.3%
94-
97, 04-
05, 08-
10
Ville Nieminen
81.1%
80-
84, 85-
88, 92-
96, 97-
99
Timo Jutila
78.3%
94-
95
Theoren Fleury
66.1%
96-
99, 10-
11
Mika Noronen
53.1%
73-
77
Mikko Leinonen
50%
03-
07
Petri Kontiola
48.4%
87-
88, 01-
02
Tom Draper
46.9%
01-
03
Esa Pirnes
46.1%
95-
96, 00-
01
Jussi Markkanen
45.3%
04-
05
Andrew Raycroft
42.9%
96-
98
Toni Lydman
40.6%
98-
99
Mikko Mäkelä
40.6%
03-
06, 07-
08
Anssi Salmela
40.2%
71-
76, 78-
79, 80-
81
Antero Lehtonen
39.4%
84-
87
Markus Mattsson
38.6%
93-
94
Reijo Ruotsalainen
38.2%
80-
84
Hannu Kamppuri
37.4%
90-
93
Vesa Viitakoski
35%
97-
99
Lasse Pirjetä
33.9%
10-
11
Shayne Toporowski
33.9%
97-
98
Jarkko Varvio
33.9%
07-
08
André Benoit
33.1%
82-
86, 91-
94
Jari Grönstrand
33.1%
93-
96
Ari Haanpää
33.1%
00-
03
Mikko Luoma
33.1%
98-
00
Josef Boumedienne
32.7%
Seasons
Player
% Correct
99-
00
Jason Muzzatti
31.9%
92-
93
Jarmo Kekäläinen
31.1%
74-
81
Jukka Porvari
31.1%
03-
04, 06-
07
Dale Clarke
28.7%
02-
03
Tom Bissett
28.3%
88-
89
Luciano Borsato
27.6%
10-
11
Kevin Doell
24.8%
09-
11
Steve Guolla
23.2%
03-
04
Mike Stapleton
22.8%
95-
96
Derek Mayer
22%
99-
00
Scott Bailey
21.7%
05-
06
Greg Hawgood
20.5%
03-
04
Matthieu Descoteaux
18.1%
06-
07
Burke Henry
18.1%
05-
06
Brian White
18.1%
00-
01
Alain Cote
16.5%
11-
12
Joey Tenute
16.5%
02-
03
Alfie Michaud
15%
89-
90
Mike O'Neill
15%
09-
10
Lee Goren
14.2%
97-
98
Aleksandrs Kercs
13.4%
88-
89
Steve Peters
13.4%
89-
91
Dave Reierson
11.8%
96-
97
Anatoli Fedotov
11.4%
97-
98
Denis Chervyakov
10.6%
08-
09
Greg Jacina
10.6%
05-
06
Mike Stutzel
9.8%
89-
90
Tony Joseph
8.7%
Quiz Playlist
Details
Report
Send in Message
Add To Playlist
Classic:
Type in answers that appear in a list
Last Updated: Feb 16, 2017
Quiz Scoreboard
CHALLENGE
Sign Up to Join the Scoreboard
Show All
Scores
Hide
Comments
May contain spoilers
Recently Published
NBA Finals Game Top Scorers (2010s)
by flibbidy
Sports
5m
Guess the 'R' Things in 3 Words
by MSUKent
Miscellaneous
3m
Actor to Badly Drawn Movie III
by MoMosMoProblems
Movies
5m
More to Explore
Quiz From the Vault
Featured Blog Post
Where Does Lost Luggage Go?
hide this ad
You Might Also Like...
Tags
Hockey Quiz
NHL Quiz
Sm Liiga
Today's Top Quizzes in Sports
Browse Sports
hide this ad
Today's Top Quizzes in NHL
Browse NHL
Top Contributed Quizzes in Sports
1
Les joueurs à 100 buts en Ligue 1 Uber Eats
2
2022 World Cup Stars
3
2024 March Madness Bracket
4
Millionaire: NBA Finals Edition
5
Players with Multiple 50 Home Run Seasons
6
Nickname Match: Athletes VI
7
Criteria MLB: Left Handed Sluggers
8
Iconic Moments in Football - Multiple Choice
9
NFL MVPs ordered
10
First NBA MVP by Team
Explore More
Trending Topics
Marvel
Kpop
Harry Potter
NBA
Anime
Crossword
Disney
The Office
Soccer
Country
Puzzle
WWE
NFL
Song
Pokémon
hide this ad
More By:
SharksAttack
Quiz
Plays
Rating
Category
Featured
Created
NHL players with HIFK
457
5.00
Sports
Aug 22, 2011
NHL drafted Finns in 00's
382
5.00
Sports
Dec 15, 2009
NHL drafted Finns in 90's
368
4.75
Sports
Dec 15, 2009
NHL players with Jokerit
367
Sports
Aug 22, 2011
Czechs in SM-Liiga
347
Sports
Nov 24, 2011
Go to Creator's Profile
Score Distribution
Quiz Creator Spotlight
SharksAttack
Follow
Send a Message
Quizzes Created
-
Created Quiz Play Count
-
More By This Creator
Popular Quizzes Today
1
Find the US States - No Outlines Minefield
2
Find the US States
3
The Countries of the World
4
10 Largest US States in Order
5
Find the Countries of Europe - No Outlines Minefield
6
US States
7
Guess the 'R' Things in 3 Words
8
NBA Finals Game Top Scorers (2010s)
More Sports Quizzes
NBA Bubble Awards
Quiz Lab
Trending Quizzes
First Name TV: Leading Men
Match the Book to the Film II
3-Word Movies in 1 Word II
First Name TV: Leading Women Drama
Match the Book to the Film VI
Recently Updated
Women's Final Four Teams by Year
bhenderson79
Presidents Quartet II
eogle
Anything But Clue(do)
eogle
Anything But Oceanian Capitals
eogle
Anything But 7
eogle
Anything But Thing
eogle
Word Ladder: February 29
pecheneg
Song Title Questions
pecheneg
Women's NCAA Tournament #1 Seeds
pecheneg
Celebrity Mug Shots
pecheneg
Trending Topics
Kpop
Marvel
Harry Potter
NBA
Anime
Disney
Crossword
WWE
Pokémon
Soccer
NFL
Song
The Office
Puzzle
Country
Your Account Isn't Verified!
In order to create a playlist on Sporcle, you need to verify the email address you used during registration. Go to your
Sporcle Settings
to finish the process.
Report this User
Report this user for behavior that violates our
Community Guidelines
.
Details:
Send Report
Go to the Sporcle.com Mobile Site →
Comments